Java 7 (Registro nro. 2993)
[ vista simple ]
| 000 -CABECERA | |
|---|---|
| campo de control de longitud fija | 00879aam a2200349 4500 |
| 005 - FECHA Y HORA DE ACTUALIZACIÓN | |
| campo de control | 20230627172157.0 |
| 008 - LONGITUD FIJA | |
| campo de control de longitud fija | 150622b2012 xxu||||| |||| 00| 0 spa d |
| 020 ## - INTERNATIONAL STANDARD BOOK NUMBER | |
| Número Internacional Estándar del Libro | 9788441530676 |
| 041 ## - IDIOMA | |
| Código de idioma del texto/pista de sonido o título separado | Español |
| 082 ## - CLASIFICACIÓN DECIMAL DEWEY | |
| Número de clasificación | 005.13 S334j |
| 100 ## - AUTOR PERSONAL | |
| Nombre de persona | Schildt, Herbert |
| 245 ## - TÍTULO PROPIAMENTE DICHO | |
| Título | Java 7 |
| 260 ## - PIE DE IMPRENTA | |
| Lugar de publicación, distribución, etc. | España |
| Nombre del editor, distribuidor, etc. | ANAYA |
| Fecha de publicación, distribución, etc. | 2012 |
| 300 ## - DESCRIPCIÓN FÍSICA | |
| Extensión | 623 páginas |
| 650 ## - Materia General | |
| Materia general | JAVA 7 |
| 650 ## - Materia General | |
| Materia general | SEGURIDAD |
| 650 ## - Materia General | |
| Materia general | TIPOS DE DATOS |
| 650 ## - Materia General | |
| Materia general | VARIABLES |
| 650 ## - Materia General | |
| Materia general | OPERADORES |
| 650 ## - Materia General | |
| Materia general | EXPRESIONES |
| 650 ## - Materia General | |
| Materia general | CLASES |
| 650 ## - Materia General | |
| Materia general | OBJETOS |
| 650 ## - Materia General | |
| Materia general | MÉTODOS |
| 650 ## - Materia General | |
| Materia general | MATRICES |
| 650 ## - Materia General | |
| Materia general | CADENAS |
| 650 ## - Materia General | |
| Materia general | HERENCIA |
| 650 ## - Materia General | |
| Materia general | INTERFACES |
| 650 ## - Materia General | |
| Materia general | PAQUETES |
| 650 ## - Materia General | |
| Materia general | JDK 7 |
| 650 ## - Materia General | |
| Materia general | APPLET |
| 942 ## - Punto de Acceso Adicional Koha | |
| Tipo de ítem Koha | Libro |
| Estado perdido | Estado dañado | No para préstamo | Biblioteca permanente | Biblioteca actual | Signatura completa | Código de barras | Precio efectivo a partir del | Tipo de ítem |
|---|---|---|---|---|---|---|---|---|
| Departamento de Biblioteca y Documentación Alfonso Chase Brenes | Departamento de Biblioteca y Documentación Alfonso Chase Brenes | 005.13 S334j | 17610 | 05/03/2016 | Libro | |||
| Departamento de Biblioteca y Documentación Alfonso Chase Brenes | Departamento de Biblioteca y Documentación Alfonso Chase Brenes | 005.13 S334j | 20724 | 05/03/2016 | Libro |